Inazuma Eleven 2 : Tempêtes Des Gémeaux - Statistiques

Statistiques générales
  • Ce quiz a été pris 81 fois
  • Le résultat moyen est 6 sur 11
Statistiques - réponses
Rôle Réponse % Correct
Milieu Janus
97%
Attaquant Diam
69%
Gardien Galileo
68%
Milieu Pandora
55%
Défenseur Ganymede
54%
Attaquante Rihm
52%
Milieu Io
48%
Milieu Grengo
42%
Défenseur Charon
37%
Défenseur Coral
37%
Défenseur Gigs
31%
Aucun quiz correspondant
Distribution des résultats
% des personnes avec chaque résultat
Percentile par nombre de réponses
Votre historique - résultats
Vous n’avez pas pris ce quiz